| 000 | 00583nam a22002177a 4500 | ||
|---|---|---|---|
| 003 | BUBTL | ||
| 008 | 161120b xxu||||| |||| 00| 0 eng d | ||
| 020 | _a978-81-317-2459-0 | ||
| 082 | _a687.04ARP | ||
| 100 |
_9930 _aArmstrong, Helen Joseph |
||
| 245 | _aPatternmaking for Fashion Design | ||
| 250 | _a4th | ||
| 260 |
_aIndia _bPearson _cc2009 |
||
| 300 |
_a827p. _bills. _c28cm. |
||
| 650 | 0 |
_9932 _aTextile Engineering |
|
| 700 |
_9931 _aArmstrong, Helen Joseph |
||
| 760 | _b4th | ||
| 856 |
_k0 _l0 _yDownload |
||
| 942 |
_2ddc _cBK |
||
| 999 |
_c5384 _d5384 |
||